000 00300nam a22001337a 4500
008 170412b xxu||||| |||| 00| 0 eng d
020 _a9780323055413
041 _aeng
080 _24 ED
_a618
100 _a10
101 _aSHM
245 _aOBSTETRICS ANESTHESIA
_cCHESTNUT.D.H
942 _2udc
_cBK
999 _c10480
_d10480